Normal view
MARC view
- Transportation
Entry Topical Term
001 - CONTROL NUMBER
- control field: 24777
003 - CONTROL NUMBER IDENTIFIER
- control field: NUST
005 - DATE AND TIME OF LATEST TRANSACTION
- control field: 20191025115457.0
008 - FIXED-LENGTH DATA ELEMENTS
- fixed length control field: 191025|| aca||aabn | a|a d
040 ## - CATALOGING SOURCE
- Original cataloging agency: NUST
- Transcribing agency: NUST
150 ## - HEADING--TOPICAL TERM
- Topical term or geographic name entry element: Transportation
- General subdivision: Reliability.
670 ## - SOURCE DATA FOUND
- Source citation: Work cat.: (NUST)0: Dhillon, B. S. (Balbir S.), 1947- 24776, Transportation systems reliability and safety /, c2011.
